Smart Cities and the Environment: Digital Dreams and Broken Promises (Record no. 43546)

MARC details
000 -LEADER
fixed length control field 00616nam a22001817a 4500
005 - DATE AND TIME OF LATEST TRANSACTION
control field 20250404111723.0
008 - FIXED-LENGTH DATA ELEMENTS--GENERAL INFORMATION
fixed length control field 250404b |||||||| |||| 00| 0 eng d
020 ## - INTERNATIONAL STANDARD BOOK NUMBER
International Standard Book Number 9781529237146
041 ## - LANGUAGE CODE
Language code of text/sound track or separate title eng
082 ## - DEWEY DECIMAL CLASSIFICATION NUMBER
Classification number 690.0285 KUN
100 ## - MAIN ENTRY--PERSONAL NAME
Author Kuntsman, Adi
245 ## - TITLE STATEMENT
Title Smart Cities and the Environment: Digital Dreams and Broken Promises
260 ## - PUBLICATION, DISTRIBUTION, ETC.
Place UK
Publisher Bristol University Press
Publication Year 2024
300 ## - PHYSICAL DESCRIPTION
Extent 163;. pages: 21 cm
650 ## - SUBJECT ADDED ENTRY--TOPICAL TERM
Subject Building--Technological Innovations; City Planning--Technological Innovations; Built Environment; Smart Cities; Sustainable Development
700 ## - ADDED ENTRY--PERSONAL NAME
Co-Author Xin, Liu
942 ## - ADDED ENTRY ELEMENTS (KOHA)
Koha item type Books
Holdings
Withdrawn status Lost status Source of classification or shelving scheme Damaged status Not for loan Home library Current library Shelving location Accession Date Vendor Price Bill number Total Checkouts Full call number Barcode No Date last seen Discount Bill Date Koha item type Suggested By
    Dewey Decimal Classification     IMTN IMTN Rack 38-A 03/26/2025 Raghav Books Private Limited 4452.00 2374   690.0285 KUN 33824 04/04/2025 33 02/14/2025 Books Dr. Mantha Raghu (Head Librarian)
Designed & Maintained by: LRC IMT Nagpur Contact: lrc@imtnag.ac.in© 2024. All Rights Reserved.